Statistiken für Verbreitung der türkischen Sprache

Klicken Sie hier um das Quiz zu spielen!

Allgemein

  • Dieses Quiz wurde 272 mal gespielt
  • Das Durchschnittsergebnis liegt bei 6 aus 10

Antwortstatistiken

PlatzLandAnteilAnzahl% Korrekt
1.Türkei87,6%73.881.000
99%
2.Deutschland2,6%2.164.000
90%
7.Griechenland0,8%96.000
74%
4.Frankreich0,4%270.000
70%
3.Bulgarien8,2%568.000
69%
5.Österreich2,3%205.000
61%
6.Niederlande0,9%140.000
49%
8.Nordmazedonien3,5%73.000
31%
10.Kosovo1,1%20.000
28%
9.Dänemark0,8%47.000
21%

Verteilung der Resultate

Perzentil nach korrekt beantworteten Fragen

Anzahl Personen mit jedem Resultat

Ihre Resultats-Entwicklung

Sie haben dieses Quiz noch nicht gespielt